Ekonomická konkurencieschopnosť a dlhová kríza v eurozóne - vzájomné súvislosti bakalárska práca

Na minha lista:
Detalhes bibliográficos
Autor principal: Jamrišková, Alexandra
Autor Corporativo: Obchodná fakulta EU. Katedra medzinárodného obchodu
Outros Autores: Fifek, Edmund
Formato: Livro
Idioma:eslovaco
Publicado em: Bratislava 2015
Tags: Adicionar Tag
Sem tags, seja o primeiro a adicionar uma tag!

MARC

LEADER 00000nbm a2200000 4500
001 0206519
005 20161212110139.7
041 0 |a slo 
044 |a SK 
245 1 0 |a Ekonomická konkurencieschopnosť a dlhová kríza v eurozóne - vzájomné súvislosti  |b bakalárska práca  |c Alexandra Jamrišková ; školiteľ: Edmund Fifek 
264 1 |a Bratislava  |c 2015 
300 |a 55 s. 
100 1 |a Jamrišková, Alexandra 
700 1 |a Fifek, Edmund 
710 2 |a Obchodná fakulta EU. Katedra medzinárodného obchodu